000 00809nam a2200181Ia 4500
008 151202s9999||||xx |||||||||||||| ||und||
082 _bPNVM-121139
100 _aसंगमेशम एम.
245 _aश्री वेंक टेश्वरजी का सुप्रभात स्तोत्र.
260 _b"तिरूमल तिरुपति दवस्थान,तिरुपति."
260 _c1979
300 _a34
600 _aसंगमेशम एम.
630 _aश्री वेंक टेश्वरजी का सुप्रभात स्तोत्र.
700 _aसंगमेशम एम.
730 _aश्री वेंक टेश्वरजी का सुप्रभात स्तोत्र.
942 _cBOOK
999 _c1351268
_d1351265